Football: Joueurs à plus de 15 buts en Ligue 1 en une saison (2010-23) - Statistiques

Statistiques générales
  • Ce quiz a été pris 701 fois
  • Le résultat moyen est 60 sur 101
Statistiques - réponses
Saison Buts Club Réponse % Correct
2016-17 15 AS Monaco Kylian Mbappe
98%
2018-19 33 Paris SG Kylian Mbappe
98%
2019-20 18 Paris SG Kylian Mbappe
98%
2020-21 27 Paris SG Kylian Mbappe
98%
2021-22 28 Paris SG Kylian Mbappe
98%
2022-23 29 Paris SG Kylian Mbappe
98%
2013-14 15 Olympique Lyonnais Alexandre Lacazette
93%
2014-15 27 Olympique Lyonnais Alexandre Lacazette
93%
2015-16 21 Olympique Lyonnais Alexandre Lacazette
93%
2016-17 28 Olympique Lyonnais Alexandre Lacazette
93%
2022-23 27 Olympique Lyonnais Alexandre Lacazette
93%
2012-13 30 Paris SG Zlatan Ibrahimovic
93%
2013-14 26 Paris SG Zlatan Ibrahimovic
93%
2014-15 19 Paris SG Zlatan Ibrahimovic
93%
2015-16 38 Paris SG Zlatan Ibrahimovic
93%
2013-14 16 Paris SG Edinson Cavani
92%
2014-15 18 Paris SG Edinson Cavani
92%
2015-16 19 Paris SG Edinson Cavani
92%
2016-17 35 Paris SG Edinson Cavani
92%
2017-18 28 Paris SG Edinson Cavani
92%
2018-19 18 Paris SG Edinson Cavani
92%
2017-18 19 Paris SG Neymar Jr
91%
2018-19 15 Paris SG Neymar Jr
91%
2012-13 15 Toulouse FC Wissam Ben Yedder
86%
2015-16 17 Toulouse FC Wissam Ben Yedder
86%
2019-20 18 AS Monaco Wissam Ben Yedder
86%
2020-21 20 AS Monaco Wissam Ben Yedder
86%
2021-22 25 AS Monaco Wissam Ben Yedder
86%
2022-23 19 AS Monaco Wissam Ben Yedder
86%
2022-23 16 Paris SG Lionel Messi
81%
2013-14 16 Toulouse FC Wissam Ben Yedder
79%
2021-22 15 LOSC Lille Jonathan David
75%
2022-23 24 LOSC Lille Jonathan David
75%
2016-17 15 Olympique de Marseille Florian Thauvin
73%
2017-18 22 Olympique de Marseille Florian Thauvin
73%
2018-19 16 Olympique de Marseille Florian Thauvin
73%
2013-14 16 Olympique de Marseille Andre-Pierre Gignac
72%
2014-15 21 Olympique de Marseille Andre-Pierre Gignac
72%
2011-12 21 Montpellier HSC Olivier Giroud
70%
2016-17 21 AS Monaco Radamel Falcao
69%
2017-18 18 AS Monaco Radamel Falcao
69%
2018-19 15 AS Monaco Radamel Falcao
69%
2022-23 21 RC Lens Lois Openda
64%
2018-19 15 Olympique Lyonnais Moussa Dembele
63%
2019-20 16 Olympique Lyonnais Moussa Dembele
63%
2021-22 21 Olympique Lyonnais Moussa Dembele
63%
2011-12 20 LOSC Lille Eden Hazard
62%
2020-21 16 Montpellier HSC Gaetan Laborde
62%
2021-22 15 Stade Rennais Gaetan Laborde
62%
2022-23 15 OGC Nice Gaetan Laborde
62%
2021-22 21 Stade Rennais Martin Terrier
60%
2009-10 17 FC Lorient Kevin Gameiro
59%
2010-11 22 FC Lorient Kevin Gameiro
59%
2017-18 18 Olympique Lyonnais Nabil Fekir
58%
2020-21 15 Montpellier HSC Andy Delort
57%
2021-22 18 OGC Nice Andy Delort
57%
2022-23 19 Montpellier HSC Elye Wahi
57%
2017-18 19 Olympique Lyonnais Memphis Depay
57%
2020-21 20 Olympique Lyonnais Memphis Depay
57%
2022-23 15 Stade Rennais Amine Gouiri
55%
2012-13 16 Olympique Lyonnais Bafetimbi Gomis
55%
2016-17 20 Olympique de Marseille Bafetimbi Gomis
55%
2022-23 21 Stade de Reims Folarin Balogun
55%
2009-10 18 Olympique de Marseille Mamadou Niang
55%
2018-19 22 LOSC Lille Nicolas Pepe
53%
2011-12 16 AS Saint-Etienne Pierre-Emerick Aubameyang
51%
2012-13 19 AS Saint-Etienne Pierre-Emerick Aubameyang
51%
2009-10 15 Olympique Lyonnais Lisandro Lopez
48%
2016-17 15 OGC Nice Mario Balotelli
47%
2017-18 18 OGC Nice Mario Balotelli
47%
2022-23 20 RC Strasbourg Habib Diallo
44%
2022-23 18 OGC Nice Terem Moffi
44%
2011-12 21 Paris SG Nene
43%
2015-16 17 OGC Nice Hatem Ben Arfa
41%
2011-12 16 Olympique Lyonnais Lisandro Lopez
41%
2020-21 16 RC Strasbourg Ludovic Ajorque
41%
2017-18 15 AS Monaco Rony Lopes
41%
2010-11 25 LOSC Lille Moussa Sow
40%
2020-21 16 LOSC Lille Burak Yilmaz
37%
2010-11 17 Olympique Lyonnais Lisandro Lopez
37%
2017-18 18 Olympique Lyonnais Mariano Diaz
33%
2017-18 17 SCO Angers Karl Toko Ekambi
32%
2020-21 16 AS Monaco Kevin Volland
31%
2014-15 17 EA Guingamp Claudio Beauvue
28%
2009-10 15 Paris SG Mevlut Erding
28%
2017-18 15 FC Metz Nolan Roux
25%
2010-11 16 Olympique de Marseille Loic Remy
22%
2015-16 17 Olympique de Marseille Michy Batshuayi
22%
2010-11 15 LOSC Lille Gervinho
21%
2017-18 16 OGC Nice Alassane Plea
17%
2012-13 19 OGC Nice Dario Cvitanich
16%
2012-13 15 FC Lorient Jeremie Aliadiere
14%
2013-14 16 FC Lorient Vincent Aboubakar
13%
2014-15 17 Toulouse FC Max-Alain Gradel
11%
2010-11 17 Valenciennes FC Gregory Pujol
10%
2016-17 15 Stade Malherbe Caen Ivan Santini
10%
2014-15 15 Girondins de Bordeaux Diego Rolan
9%
2013-14 16 LOSC Lille Salomon Kalou
9%
2012-13 15 SC Bastia Anthony Modeste
6%
2010-11 17 Stade Malherbe Caen Youssef El Arabi
6%
2010-11 15 FC Sochaux Brown Ideye
2%
Aucun quiz correspondant
Distribution des résultats
% des personnes avec chaque résultat
Percentile par nombre de réponses
Votre historique - résultats
Vous n’avez pas pris ce quiz